书目信息 |
| 题名: |
四川省慢性病综合防控示范案例精选
|
|
| 作者: | 王卓 , 邓颖 , 何君 主编 | |
| 分册: | 第一辑 | |
| 出版信息: | 成都 四川大学出版社 2021.3 |
|
| 页数: | 126页 | |
| 开本: | 24cm | |
| 丛书名: | ||
| 单 册: | ||
| 中图分类: | R4 , R197.65 | |
| 科图分类: | ||
| 主题词: | 慢性病--防治--示范区--案例--四川 | |
| 电子资源: | ||
| ISBN: | 978-7-5614-6731-2 | |
| 000 | 01513nam0 2200277 45 | |
| 001 | 012001000031 | |
| 005 | 20211012142024.08 | |
| 010 | @a978-7-5614-6731-2@dCNY48.00 | |
| 100 | @a20210423d2021 em y0chiy50 ea | |
| 101 | 0 | @achi |
| 102 | @aCN@b510000 | |
| 105 | @aa z 000yy | |
| 106 | @ar | |
| 200 | 1 | @a四川省慢性病综合防控示范案例精选@Asi chuan sheng man xing bing zong he fang kong shi fan an li jing xuan@h第一辑@b专著@f王卓,邓颖,何君主编 |
| 210 | @a成都@c四川大学出版社@d2021.3 | |
| 215 | @a126页@c彩图,彩照@d24cm | |
| 300 | @a2018年科技部国家重点研发计划“重大慢性非传染性疾病防控研究”重点专项西南地区慢病防控科技综合示范研究项目之课题一“项目信息平台构建及川藏慢性病防控科技综合示范研究课题” 2018年第一批天府万人计划基金 2020年四川省卫生健康委员会科研课题普及应用项目“基于社会生态学理论的儿童青少年龋齿患病风险影响因素及机制研究” | |
| 330 | @a本书由各级疾病预防控制中心的专家和一线工作人员从近几年的慢性病防控工作实践中遴选具有指导意义和示范作用的材料编写而成,反映了四川省疾病预防控制中心在四川省不断探索和推广慢性非传染性疾病综合防控所做的重要贡献。本书将精选省级慢性病综合防控示范区在健康促进政策制定、慢性病危险因素控制、健康支持性环境打造等方面取得的经验,与所有致力于慢性病防治工作的同仁共同探讨、共同进步。 | |
| 606 | 0 | @a慢性病@x防治@x示范区@x案例@y四川 |
| 690 | @aR4@v5 | |
| 690 | @aR197.65@v5 | |
| 701 | 0 | @a王卓@Awang zhuo@4主编 |
| 701 | 0 | @a邓颖@Adeng ying@4主编 |
| 701 | 0 | @a何君@Ahe jun@4主编 |
| 801 | 0 | @aCN@bBJSDL@c20211011 |
| 905 | @b1330109-12@dR4@e148:1@f4 | |
| 四川省慢性病综合防控示范案例精选.第一辑/王卓,邓颖,何君主编.-成都:四川大学出版社,2021.3 |
| 126页:彩图,彩照;24cm |
| 2018年科技部国家重点研发计划“重大慢性非传染性疾病防控研究”重点专项西南地区慢病防控科技综合示范研究项目之课题一“项目信息平台构建及川藏慢性病防控科技综合示范研究课题” 2018年第一批天府万人计划基金 2020年四川省卫生健康委员会科研课题普及应用项目“基于社会生态学理论的儿童青少年龋齿患病风险影响因素及机制研究” |
| ISBN 978-7-5614-6731-2:CNY48.00 |
| 本书由各级疾病预防控制中心的专家和一线工作人员从近几年的慢性病防控工作实践中遴选具有指导意义和示范作用的材料编写而成,反映了四川省疾病预防控制中心在四川省不断探索和推广慢性非传染性疾病综合防控所做的重要贡献。本书将精选省级慢性病综合防控示范区在健康促进政策制定、慢性病危险因素控制、健康支持性环境打造等方面取得的经验,与所有致力于慢性病防治工作的同仁共同探讨、共同进步。 |
| ● |
| 相关链接 |
|
|
|
|
正题名:四川省慢性病综合防控示范案例精选
索取号:R4/148:1
 
预约/预借
| 序号 | 登录号 | 条形码 | 馆藏地/架位号 | 状态 | 备注 |
| 1 | 1330109 | 213301096 | 第二样本阅览室/ [索取号:R4/148:1] | 在馆 | |
| 2 | 1330110 | 213301103 | 第三借阅区/ [索取号:R4/148:1] | 在馆 | |
| 3 | 1330111 | 213301112 | 第三借阅区/ [索取号:R4/148:1] | 在馆 | |
| 4 | 1330112 | 213301121 | 第三借阅区/ [索取号:R4/148:1] | 在馆 |